00632nam a2200157 a 450000100100000000500170001000800410002704000250006810000400009324501090013324600410024226000480028330000210033195201050035299900170045700003519820200930074154.0111025s1969 dr 000 0 spa d aDO-SdBNPbspacBNPHU1 aFernandez Martinez, Federico96093010aDictionary of proverbs and saying = Diccionario de proverbios y refranes /cFederico Fernandez Martinez.10aDiccionario de proverbios y refranes aSanto Domingo :bEditora del Caribe,c1969. a303 p. ;c23 cm. 0010718PDaPDbPDcHDd2011-10-25iLF1l0o p35198-10r2020-06-25w2020-06-25yLFPDZNo se presta c34689d34689